000 004720000a22001570004500
090 _aAR
_b00989
245 1 0 _aConservación del bosque seco tropical un reto para la humanidad
650 1 4 _aBosques secos tropicales
_992782
650 1 4 _aConservación
_992401
650 1 4 _aDesarrollo sostenible
_9278
651 4 _dValle del Cauca
_pColombia
_992749
041 0 _aEspañol
100 1 _aGómez Hoyos, Natalia
_93455
942 _cARTICULO
773 1 _tPreprint
_33
_q1-2
_d1996
999 _c10077
_d10077